LEADER 01269nam0 2200325 450 001 000031013 005 20161220145753.0 010 $a978-88-13-33997-5 100 $a20160630d2015----km-y0itay50------ba 101 0 $aita 102 $aIT 105 $ay-------001yy 200 1 $aCommentario breve al codice di procedura civile$fF. Carpi, M. Taruffo$gcon la collaborazione di: Caterina Arrigoni ... [et al.] 205 $a8. ed. 210 $a[Assago]$cWolters Kluwer Italia$a[Padova]$cCEDAM$d2015 215 $aXCIX, 3726 p.$d25 cm 225 2 $aBreviaria iuris 300 $aIn testa al frontespizio: Federico Carpi, Vittorio Colesanti, Michele Taruffo fondatori dell'opera. 410 0$12001$aBreviaria iuris 500 10$aCommentario breve al codice di procedura civile$91395644 610 1 $aCodice di procedura civile$aCommentari 676 $a347.450502632$v22$9Procedura Civile. Italia. Leggi singole e raccolte 700 1$aCarpi,$bFederico$0167111 701 1$aTaruffo,$bMichele$0143514 701 1$aArrigoni,$bCaterina$0719025 801 0$aIT$bUNIPARTHENOPE$c20160630$gREICAT$2UNIMARC 912 $a000031013 951 $a347-C/6$b45978$cNAVA1$d2016 996 $aCommentario breve al codice di procedura civile$91395644 997 $aUNIPARTHENOPE